Normal view
MARC view
- Commercial Leases
Entry Corporate Name
001 - CONTROL NUMBER
- control field: 5493
003 - CONTROL NUMBER IDENTIFIER
- control field: SIRSI
005 - DATE AND TIME OF LATEST TRANSACTION
- control field: 20190806150243.0
008 - FIXED-LENGTH DATA ELEMENTS
- fixed length control field: 080130n| acannaabn |n ana d
040 ## - CATALOGING SOURCE
- Original cataloging agency: OSt
- Transcribing agency: OSt
110 2# - HEADING--CORPORATE NAME
- Corporate name or jurisdiction name as entry element: Commercial Leases
670 ## - SOURCE DATA FOUND
- Source citation: Construction of instruments, 2007